00453nam a22001217a 4500008004100000020001800041082001600059100006600075245001200141260003800153300003900191650010100230190222b xxu||||| |||| 00| 0 eng d a9788896501832 a708bAN565a a"Latitudes" Andrews, Max y Cánepa Luna, Mariana (Curadores) aAmikejo aEspañabMousse Publishingc2012 a215 p.bill (col).c23,2 x 16,8 cm 2Arte - contemporáneovArte - exhibicionesxArte - instalaciones xArte - exhibición coleciva